Euroopan maantiedettä kirjaimittain - F - Statistics

Yleistilastot
  • Tätä visaa on pelattu 848 kertaa
  • Keskiarvotulos 8 / 20
Vastaustilastot
Vihje Vastaus % Oikein
Saksan finanssipääkaupunki Frankfurt
91%
Renessanssin syntymäpaikkana tunnettu kaupunki Firenze
84%
Tanskalle kuuluva itsehallintoalue Pohjanmerellä Färsaaret
78%
Manner-Suomen ainoa kirjaimella F alkava kaupunki ja kunta Forssa
78%
Espanjan etelärannikon kaupunki, jossa asuu merkittävä määrä suomalaisia Fuengirola
75%
Aiemmin suuresta kuparikaivoksestaan tunnettu ruotsalainen kaupunki, joka on järjestänyt hiihdon MM-kilpailut neljä kertaa Falun
59%
Skandinavian niemimaan, Suomen ja Venäjän luoteisosien muodostama maantieteellinen alue ja niemimaa Fennoskandia
55%
Yllä olevassa puhuttu hollannin murre Flaami
47%
Lontoon kaupunginosa, jossa Chelsea ja kaupunginosan mukaan nimetty Valioliigajoukkue pelaavat Fulham
39%
Jyllannin ja Själlannin välissä sijaitseva saari Fyn
39%
Belgian hollanninkielinen osa Flanderi
33%
Madeiran pääkaupunki Funchal
27%
Historiallinen maakunta ja entinen lääni Pohjois-Norjassa Finnmark
26%
Alankomaiden ja Saksan pohjoisosissa Pohjanmeren rannalla sijaitseva alue Friisinmaa
17%
Kaupunki Saksan lounaisosissa Freiburg
16%
Lahti tai vuono, jonka rannalla Edinburgh sijaitsee {Firth} of Forth
15%
Rooman tärkein lentoasema Fiumicino
15%
Itsehallinnollinen alue koillis-Italiassa Friuli-Venezia Giulia
8%
Historiallinen alue Saksassa pääosin Baijerin luoteisosissa Franken
7%
Lollandin ja tämän Saksalle kuuluvan saaren välille ollaan rakentamassa tunnelia Fehmarn
6%
Ehtoja vastaavia visoja ei löytynyt
Tulosjakauma
Jokaisen tuloksen saaneiden osuus
Persentiili vastausten määrän mukaan
Tuloshistoriasi
Et ole pelannut tätä visaa